Salta al contenuto

Задания для самостоятельной работы студентов по химическим дисциплинам

Salvato in:
Dettagli Bibliografici
Autore principale: Прудникова Е. Г.
Altri autori: Коношина С. Н., Хилкова Н. Л.
Natura: Книга
Lingua:Russian
Pubblicazione: Орел ОрелГАУ 2014
Accesso online:http://e.lanbook.com/books/element.php?pl1_id=71521
https://e.lanbook.com/img/cover/book/71521.jpg
Tags: Aggiungi Tag
Nessun Tag, puoi essere il primo ad aggiungerne! !
LEADER 01667nam0a2200277 i 4500
001 71521
003 RuSpLAN
005 20221220173945.0
008 221220s2014 ru gs 000 0 rus
020 |a 978-5-93382-233-2 
040 |a RuSpLAN 
041 0 |a rus 
044 |a ru 
080 |a 541.4 
245 0 0 |a Задания для самостоятельной работы студентов по химическим дисциплинам  |c Прудникова Е. Г.,Коношина С. Н.,Хилкова Н. Л. 
260 |a Орел  |b ОрелГАУ  |c 2014 
300 |a 369 с. 
500 |a Рекомендовано УМО РАЕ по классическому университетскому и техническому образованию в качестве учебного пособия для студентов высших учебных заведений, обучающихся направлениям подготовки: 110800 – «Агроинженерия», 110400 – «Агрономия», 110100 – «Агрохимия и агропочвоведение», 111801 – «Ветеринария», 111100 – «Зоотехния». 
504 |a Библиогр.: доступна в карточке книги, на сайте ЭБС Лань 
521 8 |a Книга из коллекции ОрелГАУ - Химия 
100 1 |a Прудникова Е. Г. 
700 1 |a Коношина С. Н. 
700 1 |a Хилкова Н. Л. 
856 4 |u http://e.lanbook.com/books/element.php?pl1_id=71521 
856 4 8 |u https://e.lanbook.com/img/cover/book/71521.jpg 
953 |a https://e.lanbook.com/img/cover/book/71521.jpg 
Cannot write session to /tmp/vufind_sessions/sess_vss4ksur2pmdcvjr50vb0r9293